000 00944nam a22002415i 4500
001 163684
003 ES-MaACL
005 20250902233321.0
008 010227s1900 fr abe |||| | fre d
040 _aCCPB | B
_bspa
_cCCPB | B
100 1 _aRochemont, Quinette de
_cBaron.
_9131915
245 1 0 _aCours de travaux maritimes
_b: professé a l'École Nationale des Ponts et Chaussées /
_cpar le Baron Quinette de Rochemont et Henry Desprez.
260 _aParis ;
_aLiège :
_bCh. Béranger,
_c1900.
300 _a3 v. :
_bil., map., plan. ;
_c28 cm.
505 8 _aContiene: T. I-II. Texto -- T. III. Atlas
650 7 _aIngeniería civil
_2embne
_913771
650 7 _aIngeniería hidráulica
_2embne
_9136287
700 1 2 _aDesprez, Henry.
_tCours de travaux maritimes.
_9126775
752 _aFrancia -
_dParís
752 _aBélgica -
_dLieja
852 _aES-MaACL
_jG-7756-7758
_z-- Enc. tela
999 _c163684
_d163684